<?xml version="1.0" encoding="UTF-8"?><?xml-stylesheet type="text/xsl" href="static/style.xsl"?><OAI-PMH xmlns="http://www.openarchives.org/OAI/2.0/" xmlns:xsi="http://www.w3.org/2001/XMLSchema-instance" xsi:schemaLocation="http://www.openarchives.org/OAI/2.0/ http://www.openarchives.org/OAI/2.0/OAI-PMH.xsd"><responseDate>2026-06-29T02:27:44Z</responseDate><request verb="GetRecord" identifier="oai:docta.ucm.es:20.500.14352/134278" metadataPrefix="marc">https://docta.ucm.es/rest/oai/request</request><GetRecord><record><header><identifier>oai:docta.ucm.es:20.500.14352/134278</identifier><datestamp>2026-04-15T08:08:49Z</datestamp><setSpec>com_20.500.14352_14</setSpec><setSpec>col_20.500.14352_15</setSpec></header><metadata><record xmlns="http://www.loc.gov/MARC21/slim" xmlns:dcterms="http://purl.org/dc/terms/" xmlns:xsi="http://www.w3.org/2001/XMLSchema-instance" xmlns:doc="http://www.lyncode.com/xoai" xsi:schemaLocation="http://www.loc.gov/MARC21/slim http://www.loc.gov/standards/marcxml/schema/MARC21slim.xsd">
   <leader>00925njm 22002777a 4500</leader>
   <datafield ind2=" " ind1=" " tag="042">
      <subfield code="a">dc</subfield>
   </datafield>
   <datafield ind2=" " ind1=" " tag="720">
      <subfield code="a">Martínez Gutiérrez, Emilio Martín</subfield>
      <subfield code="e">author</subfield>
   </datafield>
   <datafield ind2=" " ind1=" " tag="720">
      <subfield code="a">López Yáñez, Aina Dolores</subfield>
      <subfield code="e">author</subfield>
   </datafield>
   <datafield ind2=" " ind1=" " tag="260">
      <subfield code="c">2003-08-01</subfield>
   </datafield>
   <datafield ind2=" " ind1=" " tag="520">
      <subfield code="a">El socialismo normaliano (corriente intelectual que apoya a Jaurès en la SFIO) presenta sus análisis y propuestas para la administración municipal de París en varias publicaciones. Les Cahiers du socialisme, l'Humanité y La Revue Socialiste recogen las contribuciones más valiosas. En estas publicaciones el sociólogo Maurice Halbwachs muestra el diagnóstico social preciso sobre el problema del suelo, la planificación urbana y la cuestión residencial.</subfield>
   </datafield>
   <datafield ind2=" " ind1=" " tag="520">
      <subfield code="a">"Normalianne" socialism (a current of opinion at the very heart of SFIO) set out their analysis and proposals to local administration in several fronts and publications. The most significant contributions figure in Les Cahiers du socialisme, l'Humanité and La Revue Socialiste. There, sociologist Maurice Halbwachs show in his works the social diagnostic about land speculation, housing problem and town planning.</subfield>
   </datafield>
   <datafield ind1="8" ind2=" " tag="024">
      <subfield code="a">Martínez Gutiérrez, E. M. y López Yañez, A. El problema del suelo y la vivienda obrera en el socialismo normaliano. La perspectiva crítica de Maurice Halbwachs (1908-1912). Scripta Nova. Revista electrónica de geografía y ciencias sociales. Barcelona: Universidad de Barcelona, 1 de agosto de 2003, vol. VII, núm. 146(014). &lt;http://www.ub.es/geocrit/sn/sn-146(014).htm> [ISSN: 1138-9788]</subfield>
   </datafield>
   <datafield ind1="8" ind2=" " tag="024">
      <subfield code="a">1138-9788</subfield>
   </datafield>
   <datafield ind1="8" ind2=" " tag="024">
      <subfield code="a">https://hdl.handle.net/20.500.14352/134278</subfield>
   </datafield>
   <datafield ind1="8" ind2=" " tag="024">
      <subfield code="a">https://www.ub.edu/geocrit/sn/sn-146(014).htm</subfield>
   </datafield>
   <datafield ind1="8" ind2=" " tag="024">
      <subfield code="a">https://revistes.ub.edu/index.php/ScriptaNova/article/view/652</subfield>
   </datafield>
   <datafield ind2="0" ind1="0" tag="245">
      <subfield code="a">El problema del suelo y la vivienda obrera en en el socialismo normaliano. La perspectiva crítica de Maurice Halbwachas (1908-1912)</subfield>
   </datafield>
   <datafield ind2="0" ind1="0" tag="245">
      <subfield code="a">Land problems and working class housing in the normalian socialism: the critical perspective of Maurice Halbwachs (1908-1912)</subfield>
   </datafield>
</record></metadata></record></GetRecord></OAI-PMH>